| 000 | 00554nam a2200229 a 4500 | ||
|---|---|---|---|
| 001 | nice12345678 | ||
| 003 | IN_TiNIC | ||
| 005 | 20260116013055.0 | ||
| 008 | 050524s1996 lona grp 000 0 eng | ||
| 020 |
_a _c600 |
||
| 082 | 0 | 0 |
_a181.4 _bKEA |
| 100 | _aKearney, Richard | ||
| 245 | _aContinental Philosophy Reader | ||
| 260 |
_aLondon _bRoutledge Chapman Hall _c1996 |
||
| 300 | _a481p | ||
| 500 | _aincludes index and biblioraphy | ||
| 505 | 2 | _aIndex | |
| 650 | _aPhilosophy-European | ||
| 902 | _bSRS | ||
| 942 | _cBK | ||
| 999 |
_c9540 _d9540 |
||